[Event "Aleksandria Cup"]
[Site "?"]
[Date "2015.07.18"]
[Round "7.6"]
[White "Ghvamberia, Nika"]
[Black "Bortnyk, Olexander"]
[Result "0-1"]
[LiveChessVersion "1.3.1"]
[BlackElo "2550"]
[WhiteElo "2133"]

1. e4 {[%clk 1:30:58]} c5 {[%clk 1:25:17]} 2. Nf3 {[%clk 1:31:22]} Nc6
{[%clk 1:25:39]} 3. d4 {[%clk 1:31:42]} cxd4 {[%clk 1:26:02]} 4. Nxd4
{[%clk 1:32:09]} e6 {[%clk 1:26:27]} 5. Nb5 {[%clk 1:32:27]} d6 {[%clk 1:26:46]}
6. c4 {[%clk 1:32:49]} Nf6 {[%clk 1:27:08]} 7. N1c3 {[%clk 1:33:16]} a6
{[%clk 1:27:28]} 8. Na3 {[%clk 1:33:42]} b6 {[%clk 1:27:46]} 9. Be2
{[%clk 1:33:50]} Bb7 {[%clk 1:28:10]} 10. Be3 {[%clk 1:33:50]} Be7
{[%clk 1:28:03]} 11. O-O {[%clk 1:34:15]} Nb8 {[%clk 1:27:33]} 12. f3
{[%clk 1:32:53]} O-O {[%clk 1:23:58]} 13. Qb3 {[%clk 1:30:58]} Nbd7
{[%clk 1:23:39]} 14. Rac1 {[%clk 1:29:01]} Rc8 {[%clk 1:16:08]} 15. Rfd1
{[%clk 1:27:55]} Qc7 {[%clk 1:13:29]} 16. Bf1 {[%clk 1:24:23]} Qb8
{[%clk 1:06:34]} 17. Nc2 {[%clk 1:09:00]} Bd8 {[%clk 1:01:01]} 18. Nd4
{[%clk 1:06:57]} Bc7 {[%clk 0:57:15]} 19. Kh1 {[%clk 1:02:54]} Rfe8
{[%clk 0:55:38]} 20. Bg1 {[%clk 0:56:34]} Rcd8 {[%clk 0:50:05]} 21. Qc2
{[%clk 0:52:56]} Ne5 {[%clk 0:49:35]} 22. b4 {[%clk 0:49:10]} Qa8
{[%clk 0:47:37]} 23. Nb3 {[%clk 0:46:05]} Rc8 {[%clk 0:43:29]} 24. Qd2
{[%clk 0:34:41]} Qb8 {[%clk 0:38:54]} 25. a4 {[%clk 0:27:51]} Red8
{[%clk 0:38:04]} 26. Qa2 {[%clk 0:25:22]} d5 {[%clk 0:31:27]} 27. exd5
{[%clk 0:24:04]} exd5 {[%clk 0:31:38]} 28. c5 {[%clk 0:20:31]} Nc4
{[%clk 0:31:02]} 29. cxb6 {[%clk 0:14:59]} Bf4 {[%clk 0:30:49]} 30. Rb1
{[%clk 0:13:44]} Ne3 {[%clk 0:27:00]} 31. Bxe3 {[%clk 0:12:47]} Bxe3
{[%clk 0:27:21]} 32. Nc5 d4 {[%clk 0:27:16]} 33. Rd3 {[%clk 0:03:08]} Re8
{[%clk 0:14:39]} 34. Nd1 {[%clk 0:01:31]} Bd5 {[%clk 0:14:34]} 35. Qc2
{[%clk 0:01:30]} Qxb6 {[%clk 0:14:35]} 36. Nxe3 {[%clk 0:01:52]} dxe3
{[%clk 0:15:01]} 37. a5 {[%clk 0:01:37]} Qb8 {[%clk 0:14:48]} 38. Be2
{[%clk 0:00:54]} Re5 {[%clk 0:13:44]} 39. Qc3 {[%clk 0:00:44]} Rh5
{[%clk 0:12:57]} 40. f4 {[%clk 0:30:45]} Rxh2+ {[%clk 0:43:04]} 41. Kxh2
{[%clk 0:30:49]} Qxf4+ {[%clk 0:43:30]} 42. Kh3 {[%clk 0:31:00]} Qh6+
{[%clk 0:43:56]} 43. Kg3 {[%clk 0:31:10]} Qg5+ {[%clk 0:44:22]} 0-1

[Event "Aleksandria Cup"]
[Site "?"]
[Date "2015.07.18"]
[Round "7.7"]
[White "Quparadze, Giga"]
[Black "Beradze, Irakli"]
[Result "1-0"]
[LiveChessVersion "1.3.1"]
[BlackElo "2375"]
[WhiteElo "2484"]

1. e4 {[%clk 1:30:57]} c5 {[%clk 1:30:38]} 2. Nf3 {[%clk 1:31:20]} d6
{[%clk 1:31:05]} 3. d4 {[%clk 1:31:43]} cxd4 {[%clk 1:31:31]} 4. Nxd4
{[%clk 1:32:09]} Nf6 {[%clk 1:31:57]} 5. Nc3 {[%clk 1:32:33]} g6 {[%clk 1:32:25]}
6. Be3 {[%clk 1:32:43]} Bg7 {[%clk 1:32:49]} 7. f3 {[%clk 1:33:08]} O-O
{[%clk 1:32:28]} 8. Qd2 {[%clk 1:33:33]} Nc6 {[%clk 1:32:54]} 9. Bc4
{[%clk 1:33:58]} Bd7 {[%clk 1:33:20]} 10. h4 {[%clk 1:34:17]} Rc8
{[%clk 1:29:53]} 11. Bb3 {[%clk 1:34:39]} h5 {[%clk 1:29:50]} 12. O-O-O
{[%clk 1:35:01]} Ne5 {[%clk 1:30:17]} 13. Bg5 {[%clk 1:34:47]} Rc5
{[%clk 1:29:50]} 14. Kb1 {[%clk 1:34:57]} b5 {[%clk 1:17:28]} 15. g4
{[%clk 1:34:52]} Nc4 {[%clk 1:03:41]} 16. Bxc4 {[%clk 1:33:26]} bxc4
{[%clk 1:02:28]} 17. gxh5 {[%clk 1:09:31]} Nxh5 {[%clk 1:01:34]} 18. Nd5
{[%clk 1:09:55]} Re8 {[%clk 1:01:53]} 19. c3 {[%clk 1:10:11]} Kh7
{[%clk 0:54:29]} 20. f4 {[%clk 1:05:24]} Qa5 {[%clk 0:49:30]} 21. f5
{[%clk 1:03:18]} Rxd5 {[%clk 0:41:03]} 22. fxg6+ {[%clk 1:03:20]} fxg6
{[%clk 0:41:23]} 23. exd5 {[%clk 1:03:44]} Qxd5 {[%clk 0:41:44]} 24. Rhg1
{[%clk 1:03:49]} a5 {[%clk 0:16:18]} 25. Ka1 {[%clk 1:03:56]} Ba4
{[%clk 0:14:50]} 26. Ne2 {[%clk 1:03:27]} Qe4 {[%clk 0:12:30]} 27. Rde1
{[%clk 1:03:51]} Qd3 {[%clk 0:10:33]} 28. Qc1 {[%clk 0:57:59]} e5
{[%clk 0:10:07]} 29. Rgf1 {[%clk 0:58:07]} Rf8 {[%clk 0:08:12]} 30. Rxf8
{[%clk 0:57:41]} Bxf8 {[%clk 0:08:40]} 31. Ng1 {[%clk 0:57:53]} Bg7
{[%clk 0:08:23]} 32. Qe3 {[%clk 0:56:31]} Bc2 {[%clk 0:05:58]} 33. Qf2
{[%clk 0:55:40]} Qf5 {[%clk 0:03:51]} 34. Qg2 {[%clk 0:55:55]} Bd3
{[%clk 0:03:56]} 35. Nh3 {[%clk 0:56:06]} d5 {[%clk 0:02:15]} 36. Be3
{[%clk 0:55:49]} Nf6 {[%clk 0:01:27]} 37. Ng5+ {[%clk 0:56:02]} Kg8
{[%clk 0:01:44]} 38. Bc1 {[%clk 0:55:35]} Qg4 {[%clk 0:00:45]} 39. Qf2
{[%clk 0:55:52]} e4 {[%clk 0:00:32]} 40. Qa7 {[%clk 1:25:45]} Qd7
{[%clk 0:30:32]} 41. Qxa5 {[%clk 1:25:54]} Ng4 {[%clk 0:23:59]} 42. Qa8+
{[%clk 1:25:17]} Bf8 {[%clk 0:21:57]} 43. Bf4 {[%clk 1:25:24]} Kg7
{[%clk 0:14:59]} 44. Qa6 {[%clk 1:25:48]} Be7 {[%clk 0:13:29]} 45. Qb6
{[%clk 1:23:42]} Bf6 {[%clk 0:12:27]} 46. Ne6+ {[%clk 1:23:41]} Kf7
{[%clk 0:12:42]} 47. Nc5 {[%clk 1:24:06]} Qf5 {[%clk 0:09:56]} 48. Qc7+
{[%clk 1:24:28]} Kg8 {[%clk 0:10:18]} 49. a4 {[%clk 1:24:37]} Bxh4
{[%clk 0:06:43]} 50. a5 {[%clk 1:23:57]} Bxe1 {[%clk 0:00:56]} 51. a6
{[%clk 1:24:20]} Bxc3 {[%clk 0:01:21]} 52. a7 {[%clk 1:24:38]} Bxb2+
{[%clk 0:00:51]} 53. Kxb2 {[%clk 1:24:56]} c3+ {[%clk 0:01:00]} 54. Ka3
{[%clk 1:25:16]} 1-0

[Event "Aleksandria Cup"]
[Site "?"]
[Date "2015.07.18"]
[Round "7.8"]
[White "Petrosyan, Manuel"]
[Black "Benidze, Davit"]
[Result "1/2-1/2"]
[LiveChessVersion "1.3.1"]
[BlackElo "2465"]
[WhiteElo "2449"]

1. d4 {[%clk 1:30:44]} c5 {[%clk 1:30:56]} 2. d5 {[%clk 1:30:53]} g6
{[%clk 1:31:05]} 3. e4 {[%clk 1:29:56]} Bg7 {[%clk 1:31:29]} 4. Nf3
{[%clk 1:30:00]} d6 {[%clk 1:31:52]} 5. Nc3 {[%clk 1:30:24]} Nf6 {[%clk 1:32:16]}
6. Bb5+ {[%clk 1:29:37]} Nbd7 {[%clk 1:32:09]} 7. a4 {[%clk 1:29:23]} O-O
{[%clk 1:30:05]} 8. O-O {[%clk 1:28:11]} Ne8 {[%clk 1:29:38]} 9. Bf4
{[%clk 1:20:25]} Nc7 {[%clk 1:26:27]} 10. Bc4 {[%clk 1:20:35]} a6
{[%clk 1:24:08]} 11. h3 {[%clk 1:19:57]} Rb8 {[%clk 1:24:20]} 12. Qd3
{[%clk 1:20:04]} f6 {[%clk 1:22:16]} 13. Rfb1 {[%clk 1:14:56]} Qe8
{[%clk 1:17:04]} 14. Be3 {[%clk 1:12:15]} a5 {[%clk 1:13:51]} 15. Ne2
{[%clk 1:04:54]} Nb6 {[%clk 1:12:40]} 16. Bb3 {[%clk 0:54:58]} Bd7
{[%clk 1:12:42]} 17. Nf4 {[%clk 0:43:06]} Nxa4 {[%clk 1:05:27]} 18. Bxa4
{[%clk 0:34:47]} Bxa4 19. b3 Bb5 {[%clk 1:03:07]} 20. c4 {[%clk 0:35:46]} Bd7
{[%clk 1:03:37]} 21. Rxa5 {[%clk 0:36:06]} f5 {[%clk 1:04:06]} 22. Ng5
{[%clk 0:31:10]} Be5 {[%clk 0:56:49]} 23. b4 {[%clk 0:26:16]} fxe4
{[%clk 0:54:55]} 24. Qd2 {[%clk 0:26:45]} cxb4 {[%clk 0:53:31]} 25. Rxb4
{[%clk 0:27:07]} Na6 {[%clk 0:43:26]} 26. Rb1 {[%clk 0:27:24]} Nc5
{[%clk 0:43:35]} 27. Nfe6 {[%clk 0:24:43]} Nxe6 {[%clk 0:40:46]} 28. dxe6
{[%clk 0:24:39]} Bc6 {[%clk 0:41:06]} 29. Nf7 {[%clk 0:24:12]} Rxf7
{[%clk 0:40:20]} 30. exf7+ {[%clk 0:24:38]} Qxf7 {[%clk 0:40:48]} 31. Qa2
{[%clk 0:22:45]} Kg7 {[%clk 0:39:30]} 32. Rd1 {[%clk 0:22:25]} Rf8
{[%clk 0:38:51]} 33. Ra3 {[%clk 0:21:17]} Qe6 {[%clk 0:33:16]} 34. Bd4
{[%clk 0:17:56]} Bxd4 {[%clk 0:32:14]} 35. Rxd4 {[%clk 0:18:20]} Rf5
{[%clk 0:31:13]} 1/2-1/2

[Event "Aleksandria Cup"]
[Site "?"]
[Date "2015.07.18"]
[Round "7.9"]
[White "Sivuk, Vitaly"]
[Black "Mgeladze, Tamaz"]
[Result "1-0"]
[LiveChessVersion "1.3.1"]
[BlackElo "2337"]
[WhiteElo "2463"]

1. d4 {[%clk 1:30:51]} Nf6 {[%clk 1:30:54]} 2. c4 {[%clk 1:31:06]} g6
{[%clk 1:31:20]} 3. Nc3 {[%clk 1:31:25]} Bg7 {[%clk 1:31:43]} 4. e4
{[%clk 1:31:45]} d6 {[%clk 1:32:05]} 5. Nf3 {[%clk 1:32:05]} O-O {[%clk 1:32:28]}
6. Be2 {[%clk 1:32:27]} e5 {[%clk 1:32:41]} 7. d5 {[%clk 1:32:47]} a5
{[%clk 1:33:01]} 8. Bg5 {[%clk 1:33:04]} Na6 {[%clk 1:32:31]} 9. Nd2
{[%clk 1:33:15]} Qe8 {[%clk 1:30:47]} 10. a3 {[%clk 1:33:24]} Bd7
{[%clk 1:30:12]} 11. b3 {[%clk 1:33:11]} h6 {[%clk 1:20:28]} 12. Be3
{[%clk 1:31:08]} Nh7 {[%clk 1:20:09]} 13. O-O {[%clk 1:29:37]} f5
{[%clk 1:19:59]} 14. f3 {[%clk 1:29:54]} f4 {[%clk 1:18:57]} 15. Bf2
{[%clk 1:30:14]} g5 {[%clk 1:15:55]} 16. Rb1 {[%clk 1:29:31]} h5 {[%clk 1:09:57]}
17. b4 {[%clk 1:29:37]} b6 {[%clk 1:09:06]} 18. bxa5 {[%clk 1:18:37]} bxa5
{[%clk 1:09:31]} 19. Nb5 {[%clk 1:18:20]} Qg6 {[%clk 1:06:13]} 20. c5
{[%clk 1:13:36]} g4 {[%clk 1:03:42]} 21. c6 {[%clk 1:02:40]} Bc8 {[%clk 1:03:26]}
22. Qe1 {[%clk 0:58:09]} gxf3 {[%clk 1:02:16]} 23. Bxf3 {[%clk 0:57:41]} Ng5
{[%clk 1:02:31]} 24. Kh1 {[%clk 0:57:37]} Bg4 {[%clk 0:47:34]} 25. Qe2
{[%clk 0:53:57]} Nxf3 {[%clk 0:31:03]} 26. gxf3 {[%clk 0:42:34]} Bh3
{[%clk 0:31:25]} 27. Rg1 {[%clk 0:42:57]} Qf7 {[%clk 0:31:50]} 28. Na7
{[%clk 0:40:01]} Nc5 {[%clk 0:30:10]} 29. Bxc5 {[%clk 0:39:28]} dxc5
{[%clk 0:30:37]} 30. Rb7 {[%clk 0:39:46]} Qe7 {[%clk 0:28:43]} 31. Nb5
{[%clk 0:37:52]} Rac8 {[%clk 0:26:51]} 32. d6 {[%clk 0:37:42]} Qf6
{[%clk 0:27:14]} 33. Nxc7 {[%clk 0:36:35]} Rf7 {[%clk 0:25:09]} 34. Nc4
{[%clk 0:35:45]} Kh7 {[%clk 0:24:10]} 35. Nd5 {[%clk 0:33:34]} Qe6
{[%clk 0:22:59]} 36. Rxf7 {[%clk 0:31:30]} Qxf7 {[%clk 0:23:28]} 37. d7
{[%clk 0:31:14]} Rg8 {[%clk 0:23:26]} 38. Nd6 {[%clk 0:30:27]} Qe6
{[%clk 0:23:28]} 39. Ne8 {[%clk 0:30:20]} Rxe8 {[%clk 0:23:36]} 40. Nc7
{[%clk 0:59:58]} 1-0

[Event "Aleksandria Cup"]
[Site "?"]
[Date "2015.07.18"]
[Round "7.10"]
[White "Shahinyan, David"]
[Black "Vardanian, Haik G."]
[Result "1/2-1/2"]
[LiveChessVersion "1.3.1"]
[BlackElo "2301"]
[WhiteElo "2451"]

1. c4 {[%clk 1:30:43]} e5 {[%clk 1:30:21]} 2. Nc3 {[%clk 1:30:51]} Nf6
{[%clk 1:30:39]} 3. Nf3 {[%clk 1:31:06]} Nc6 {[%clk 1:30:03]} 4. e4
{[%clk 1:31:19]} Bb4 {[%clk 1:26:48]} 5. d3 {[%clk 1:30:07]} d6 {[%clk 1:25:56]}
6. a3 {[%clk 1:30:12]} Bxc3+ {[%clk 1:25:56]} 7. bxc3 {[%clk 1:30:36]} Ne7
{[%clk 1:26:08]} 8. g3 {[%clk 1:28:48]} Ng6 {[%clk 1:23:46]} 9. Bg2
{[%clk 1:25:05]} O-O {[%clk 1:24:08]} 10. O-O {[%clk 1:23:47]} c6
{[%clk 1:24:08]} 11. Re1 {[%clk 1:08:11]} Re8 {[%clk 1:24:09]} 12. Rb1
{[%clk 1:04:45]} b6 {[%clk 1:19:41]} 13. Nd2 {[%clk 0:58:16]} Bb7
{[%clk 1:13:14]} 14. Nf1 {[%clk 0:56:17]} d5 {[%clk 1:02:25]} 15. exd5
{[%clk 0:50:34]} cxd5 {[%clk 1:02:50]} 16. Bg5 {[%clk 0:50:58]} Rb8
{[%clk 0:44:13]} 17. cxd5 {[%clk 0:47:10]} Bxd5 {[%clk 0:43:21]} 18. Bxd5
{[%clk 0:47:28]} Qxd5 {[%clk 0:43:46]} 19. Bxf6 {[%clk 0:47:50]} gxf6
{[%clk 0:44:05]} 20. Ne3 {[%clk 0:47:59]} Qc6 {[%clk 0:43:32]} 21. Ng4
{[%clk 0:30:09]} Kg7 {[%clk 0:34:46]} 22. d4 {[%clk 0:24:30]} Rbd8
{[%clk 0:29:01]} 23. Qc1 {[%clk 0:18:59]} exd4 {[%clk 0:23:37]} 24. Qh6+
{[%clk 0:17:21]} Kh8 {[%clk 0:22:20]} 25. cxd4 {[%clk 0:17:37]} f5
{[%clk 0:16:25]} 26. Ne3 {[%clk 0:14:42]} Ne5 {[%clk 0:11:09]} 27. Qxc6
{[%clk 0:13:30]} Nxc6 {[%clk 0:11:35]} 28. Nxf5 {[%clk 0:13:53]} Rxe1+
{[%clk 0:11:23]} 29. Rxe1 {[%clk 0:14:22]} Nxd4 {[%clk 0:11:40]} 30. Nxd4
{[%clk 0:14:46]} Rxd4 {[%clk 0:12:05]} 31. Re7 {[%clk 0:15:15]} Ra4
{[%clk 0:12:09]} 32. Rxf7 {[%clk 0:15:41]} Rxa3 {[%clk 0:12:32]} 33. Rb7
{[%clk 0:15:44]} Kg8 {[%clk 0:08:56]} 34. Kg2 {[%clk 0:14:18]} Ra5
{[%clk 0:06:59]} 35. h3 {[%clk 0:11:31]} h5 {[%clk 0:06:47]} 36. g4
{[%clk 0:05:21]} Ra3 {[%clk 0:03:17]} 37. gxh5 {[%clk 0:04:02]} Ra5
{[%clk 0:02:32]} 38. f4 {[%clk 0:03:25]} Rf5 {[%clk 0:02:00]} 39. Kf3
{[%clk 0:01:34]} Rxh5 {[%clk 0:01:17]} 40. Kg4 {[%clk 0:31:09]} Rh7
{[%clk 0:30:43]} 41. Rb8+ {[%clk 0:25:58]} Kf7 {[%clk 0:30:21]} 1/2-1/2

[Event "Aleksandria Cup"]
[Site "?"]
[Date "2015.07.18"]
[Round "7.11"]
[White "Pourramezanali, Amirreza"]
[Black "Kuzubov, Yuriy"]
[Result "0-1"]
[LiveChessVersion "1.3.1"]
[BlackElo "2653"]
[WhiteElo "2441"]

1. e4 {[%clk 1:30:59]} c5 {[%clk 1:30:55]} 2. c3 {[%clk 1:31:25]} e6
{[%clk 1:31:18]} 3. d4 {[%clk 1:31:48]} d5 {[%clk 1:31:44]} 4. exd5
{[%clk 1:32:11]} exd5 {[%clk 1:32:09]} 5. Bb5+ {[%clk 1:32:24]} Bd7
{[%clk 1:30:59]} 6. Bxd7+ {[%clk 1:32:48]} Nxd7 {[%clk 1:27:48]} 7. Nf3
{[%clk 1:31:48]} Ngf6 {[%clk 1:28:11]} 8. O-O {[%clk 1:31:35]} Be7
{[%clk 1:28:34]} 9. dxc5 {[%clk 1:31:34]} Nxc5 {[%clk 1:28:09]} 10. Be3
{[%clk 1:31:42]} O-O {[%clk 1:28:31]} 11. Nbd2 {[%clk 1:32:07]} Re8
{[%clk 1:27:18]} 12. Qc2 {[%clk 1:28:56]} Qc7 {[%clk 1:26:57]} 13. Rad1
{[%clk 1:27:33]} Bd6 {[%clk 1:07:08]} 14. h3 {[%clk 1:23:03]} a6 {[%clk 0:51:00]}
15. Rfe1 {[%clk 1:22:43]} b5 {[%clk 0:44:42]} 16. Bd4 {[%clk 1:19:16]} Nh5
{[%clk 0:33:41]} 17. Bxc5 {[%clk 1:09:37]} Bxc5 {[%clk 0:32:01]} 18. Nb3
{[%clk 1:09:13]} Bb6 {[%clk 0:31:28]} 19. Nbd4 {[%clk 1:03:54]} Nf4
{[%clk 0:28:25]} 20. Qf5 {[%clk 0:49:28]} g6 {[%clk 0:25:57]} 21. Qg5
{[%clk 0:49:36]} Re4 {[%clk 0:08:12]} 22. Rxe4 {[%clk 0:38:37]} dxe4
{[%clk 0:08:37]} 23. Ne5 {[%clk 0:39:04]} f6 {[%clk 0:06:46]} 24. Qxf6
{[%clk 0:26:01]} Rf8 {[%clk 0:07:10]} 25. Qg5 {[%clk 0:26:19]} h6
{[%clk 0:06:48]} 26. Qxh6 {[%clk 0:22:42]} Qxe5 {[%clk 0:07:11]} 27. Re1
{[%clk 0:23:11]} Bxd4 {[%clk 0:05:01]} 28. cxd4 {[%clk 0:23:38]} Qxd4
{[%clk 0:05:25]} 29. g3 {[%clk 0:21:03]} Nxh3+ {[%clk 0:05:11]} 30. Kg2
{[%clk 0:21:28]} Rxf2+ {[%clk 0:04:56]} 31. Kxh3 {[%clk 0:21:55]} Qd7+
{[%clk 0:05:07]} 32. g4 {[%clk 0:22:18]} Qd3+ {[%clk 0:05:07]} 0-1

[Event "Aleksandria Cup"]
[Site "?"]
[Date "2015.07.18"]
[Round "7.12"]
[White "Rozhko, Dmitry"]
[Black "Bernadskiy, Vitaliy"]
[Result "0-1"]
[LiveChessVersion "1.3.1"]
[BlackElo "2548"]
[WhiteElo "2349"]

1. e4 {[%clk 1:30:58]} c5 {[%clk 1:28:44]} 2. c3 {[%clk 1:31:23]} e6
{[%clk 1:28:33]} 3. d4 {[%clk 1:31:44]} d5 {[%clk 1:29:00]} 4. exd5
{[%clk 1:32:05]} exd5 {[%clk 1:29:06]} 5. Bb5+ {[%clk 1:29:49]} Bd7
{[%clk 1:29:31]} 6. Bxd7+ {[%clk 1:29:08]} Nxd7 {[%clk 1:29:55]} 7. Nf3
{[%clk 1:29:19]} Ngf6 {[%clk 1:30:21]} 8. O-O {[%clk 1:29:22]} Be7
{[%clk 1:30:46]} 9. dxc5 {[%clk 1:28:54]} Nxc5 {[%clk 1:27:43]} 10. Be3
{[%clk 1:29:20]} O-O {[%clk 1:28:08]} 11. Nbd2 {[%clk 1:29:45]} Re8
{[%clk 1:24:59]} 12. Qc2 {[%clk 1:28:05]} Qc7 {[%clk 1:25:25]} 13. Rad1
{[%clk 1:28:05]} Ng4 {[%clk 1:11:41]} 14. Bd4 {[%clk 1:25:15]} Ne6
{[%clk 1:07:57]} 15. Qf5 {[%clk 1:21:25]} Nxd4 {[%clk 1:07:39]} 16. Qxg4
{[%clk 1:20:59]} Ne2+ {[%clk 1:04:50]} 17. Kh1 {[%clk 1:21:24]} Bf6
{[%clk 1:03:41]} 18. Nb3 {[%clk 1:19:50]} Rad8 {[%clk 0:56:52]} 19. Qf5
{[%clk 1:13:28]} Qc6 {[%clk 0:51:17]} 20. Qc2 {[%clk 0:50:01]} d4
{[%clk 0:46:13]} 21. c4 {[%clk 0:38:42]} g6 {[%clk 0:36:14]} 22. Rfe1
{[%clk 0:33:08]} Nf4 {[%clk 0:36:31]} 23. Qd2 {[%clk 0:29:48]} Ne6
{[%clk 0:35:12]} 24. c5 {[%clk 0:22:44]} Nxc5 {[%clk 0:28:19]} 25. Rxe8+
{[%clk 0:22:35]} Rxe8 {[%clk 0:28:46]} 26. Nbxd4 {[%clk 0:19:28]} Qd5
{[%clk 0:29:08]} 27. Nb3 {[%clk 0:13:25]} Qxd2 {[%clk 0:28:47]} 28. Rxd2
{[%clk 0:13:44]} Nxb3 {[%clk 0:25:26]} 29. axb3 {[%clk 0:14:07]} Re4
{[%clk 0:25:32]} 30. Rc2 {[%clk 0:10:36]} g5 {[%clk 0:25:13]} 31. h3
{[%clk 0:10:10]} h5 {[%clk 0:25:38]} 32. g3 {[%clk 0:09:14]} g4 {[%clk 0:26:02]}
33. hxg4 {[%clk 0:09:34]} hxg4 {[%clk 0:26:29]} 34. Nh2 {[%clk 0:09:39]} Rb4
{[%clk 0:26:38]} 35. Kg2 {[%clk 0:09:24]} Rxb3 {[%clk 0:26:56]} 36. Nxg4
{[%clk 0:09:34]} Bxb2 {[%clk 0:27:21]} 37. Rc7 {[%clk 0:08:56]} Kg7
{[%clk 0:27:26]} 38. Ne3 {[%clk 0:08:46]} a5 {[%clk 0:27:48]} 39. Nf5+
{[%clk 0:07:05]} Kg6 {[%clk 0:26:26]} 40. g4 {[%clk 0:33:37]} a4 {[%clk 0:54:40]}
41. Rc4 {[%clk 0:30:34]} a3 {[%clk 0:54:36]} 42. Ra4 {[%clk 0:31:01]} Rb6
{[%clk 0:53:58]} 43. Ne7+ {[%clk 0:30:55]} Kg7 {[%clk 0:53:01]} 44. Nd5
{[%clk 0:28:42]} Rd6 {[%clk 0:51:24]} 45. Nc7 {[%clk 0:28:20]} Rc6
{[%clk 0:51:42]} 46. Nd5 {[%clk 0:27:48]} b5 {[%clk 0:52:01]} 47. Ra8
{[%clk 0:26:48]} Rc4 {[%clk 0:51:17]} 48. Kf3 {[%clk 0:25:49]} Rd4
{[%clk 0:51:05]} 49. Ne7 {[%clk 0:20:50]} Ra4 {[%clk 0:51:17]} 50. Rg8+
{[%clk 0:20:49]} Kf6 {[%clk 0:51:22]} 0-1

[Event "Aleksandria Cup"]
[Site "?"]
[Date "2015.07.18"]
[Round "7.13"]
[White "Guseynov, Alihan"]
[Black "Mikaelyan, Arman"]
[Result "0-1"]
[LiveChessVersion "1.3.1"]
[BlackElo "2436"]
[WhiteElo "2255"]

1. Nf3 {[%clk 1:30:50]} Nf6 {[%clk 1:30:45]} 2. g3 {[%clk 1:31:12]} g6
{[%clk 1:31:00]} 3. Bg2 {[%clk 1:31:36]} Bg7 {[%clk 1:31:25]} 4. c4
{[%clk 1:31:54]} O-O {[%clk 1:31:04]} 5. O-O {[%clk 1:32:08]} c6 {[%clk 1:31:29]}
6. d4 {[%clk 1:32:02]} d5 {[%clk 1:31:53]} 7. cxd5 {[%clk 1:32:22]} cxd5
{[%clk 1:32:19]} 8. Ne5 {[%clk 1:32:14]} Nc6 {[%clk 1:32:10]} 9. Nc3
{[%clk 1:32:19]} e6 {[%clk 1:32:24]} 10. Nxc6 {[%clk 1:31:59]} bxc6
{[%clk 1:32:49]} 11. b3 {[%clk 1:25:04]} Nd7 {[%clk 1:32:32]} 12. Ba3
{[%clk 1:14:38]} c5 {[%clk 1:27:27]} 13. Rc1 {[%clk 1:12:20]} Bxd4
{[%clk 1:25:55]} 14. Na4 {[%clk 1:06:34]} Qa5 {[%clk 1:22:49]} 15. e3
{[%clk 0:51:49]} Bg7 {[%clk 1:21:18]} 16. Qe1 {[%clk 0:51:56]} Qa6
{[%clk 1:20:17]} 17. Qd2 {[%clk 0:49:25]} Rd8 {[%clk 1:16:33]} 18. Bxc5
{[%clk 0:45:36]} Nxc5 {[%clk 1:16:19]} 19. Nxc5 {[%clk 0:45:31]} Qa3
{[%clk 1:16:27]} 20. e4 {[%clk 0:42:06]} Bf8 {[%clk 1:15:31]} 21. Qd4
{[%clk 0:37:36]} e5 {[%clk 1:10:47]} 22. Qe3 {[%clk 0:33:05]} d4 {[%clk 1:10:06]}
23. Qg5 {[%clk 0:33:34]} Re8 {[%clk 1:10:11]} 24. Nd3 {[%clk 0:32:47]} Qxa2
{[%clk 1:05:01]} 25. Nxe5 {[%clk 0:32:21]} Qxb3 {[%clk 1:05:06]} 26. Ng4
{[%clk 0:26:38]} Bxg4 {[%clk 1:05:00]} 27. Qxg4 {[%clk 0:27:07]} d3
{[%clk 1:03:30]} 28. Rfd1 {[%clk 0:26:21]} d2 {[%clk 0:57:47]} 29. Rb1
{[%clk 0:23:27]} Qc2 {[%clk 0:56:52]} 30. e5 {[%clk 0:20:14]} Rad8
{[%clk 0:56:17]} 31. f4 {[%clk 0:19:36]} Rd4 {[%clk 0:55:51]} 32. Qe2
{[%clk 0:19:00]} a5 {[%clk 0:55:34]} 33. Qb5 {[%clk 0:19:02]} Rb4
{[%clk 0:55:02]} 0-1

[Event "Aleksandria Cup"]
[Site "?"]
[Date "2015.07.18"]
[Round "7.14"]
[White "Gevorgyan, Maria"]
[Black "Kekelidze, Mikheil"]
[Result "0-1"]
[LiveChessVersion "1.3.1"]
[BlackElo "2426"]
[WhiteElo "2236"]

1. e4 {[%clk 1:30:57]} c5 {[%clk 1:30:54]} 2. Nc3 {[%clk 1:31:21]} a6
{[%clk 1:31:09]} 3. g3 {[%clk 1:31:24]} b5 {[%clk 1:31:33]} 4. Bg2
{[%clk 1:31:50]} Bb7 {[%clk 1:31:58]} 5. Nge2 {[%clk 1:32:08]} e6
{[%clk 1:30:46]} 6. d4 {[%clk 1:32:33]} Nf6 {[%clk 1:26:24]} 7. d5
{[%clk 1:29:29]} e5 {[%clk 1:26:33]} 8. f4 {[%clk 1:24:50]} d6 {[%clk 1:25:53]}
9. fxe5 {[%clk 1:19:29]} dxe5 {[%clk 1:25:10]} 10. h3 {[%clk 1:17:50]} c4
{[%clk 1:24:36]} 11. Be3 {[%clk 1:18:01]} Nbd7 {[%clk 1:24:50]} 12. g4
{[%clk 1:14:59]} Bc5 {[%clk 1:24:24]} 13. Bxc5 {[%clk 1:15:18]} Nxc5
{[%clk 1:24:49]} 14. Ng3 {[%clk 1:15:45]} O-O {[%clk 1:20:02]} 15. O-O
{[%clk 1:13:16]} Ne8 {[%clk 1:20:21]} 16. Qf3 {[%clk 1:11:17]} Nd6
{[%clk 1:11:42]} 17. Nd1 {[%clk 1:05:11]} Qg5 {[%clk 1:04:15]} 18. Ne3
{[%clk 0:56:38]} g6 {[%clk 1:02:49]} 19. Qf2 {[%clk 0:55:56]} Rac8
{[%clk 1:02:08]} 20. Kh2 {[%clk 0:55:24]} f6 {[%clk 0:59:58]} 21. Rae1
{[%clk 0:51:23]} b4 {[%clk 0:53:24]} 22. b3 {[%clk 0:44:04]} c3 {[%clk 0:44:14]}
23. Bf3 {[%clk 0:43:12]} a5 {[%clk 0:42:58]} 24. a4 {[%clk 0:32:35]} bxa3
{[%clk 0:29:23]} 25. Ra1 {[%clk 0:31:47]} Ba6 {[%clk 0:29:07]} 26. Rfe1
{[%clk 0:30:53]} Nb5 {[%clk 0:24:22]} 27. Nc4 {[%clk 0:26:37]} Nd4
{[%clk 0:15:28]} 28. Ne3 {[%clk 0:17:02]} a4 {[%clk 0:11:49]} 29. bxa4
{[%clk 0:16:09]} Rb8 {[%clk 0:12:07]} 30. Rxa3 {[%clk 0:15:44]} Rb2
{[%clk 0:12:13]} 31. Ne2 {[%clk 0:08:38]} Bxe2 {[%clk 0:11:20]} 32. Rxe2
{[%clk 0:08:56]} Qf4+ {[%clk 0:10:49]} 33. Kg2 {[%clk 0:09:10]} Nxe4
{[%clk 0:09:42]} 34. Bxe4 {[%clk 0:08:58]} Qxe4+ {[%clk 0:10:02]} 35. Kh2
{[%clk 0:08:47]} Rb1 {[%clk 0:08:32]} 0-1